[Event "Petroff Defence Thematic"]
[Site "SchemingMind.com"]
[Date "2018.04.29"]
[Round "-"]
[White "Stephen Woodhouse"]
[Black "Johnny Owens"]
[Result "0-1"]
[WhiteCountry "ENG"]
[BlackCountry "USA"]
[WhiteElo "1901"]
[WhiteRD "63"]
[BlackElo "2197"]
[BlackRD "64"]
[GameID "427723"]

1. e4 e5 2. Nf3 Nf6 3. d4 Nxe4 4. Bd3 d5 5. Nxe5 Nd7 6. Nxd7 Bxd7 7. O-O Bd6 8. c4 O-O 9. cxd5 f5 10. Nd2 Nxd2
11. Bxd2 Qf6 12. Bc3 Qh6 13. g3 f4 14. Bd2 Qh3 15. Bxf4 Rxf4 16. Qd2 Bg4 17. f3 Bxf3 18. gxf4 Qg4+ 19. Kf2 Qg2+ 20. Ke1 Re8+
0-1

[Event "Petroff Defence Thematic"]
[Site "SchemingMind.com"]
[Date "2018.05.04"]
[Round "-"]
[White "flyinduck"]
[Black "Johnny Owens"]
[Result "0-1"]
[WhiteCountry "CAN"]
[BlackCountry "USA"]
[WhiteElo "2024"]
[WhiteRD "53"]
[BlackElo "2299"]
[BlackRD "65"]
[GameID "427725"]

1. e4 e5 2. Nf3 Nf6 3. Nxe5 d6 4. Nf3 Nxe4 5. d4 d5 6. Bd3 Bd6 7. O-O O-O 8. h3 Re8 9. c4 dxc4 10. Bxc4 Nc6
11. Nc3 h6 12. Be3 Bf5 13. Re1 Qd7 14. Nxe4 Bxe4 15. Rc1 Bb4 16. Rf1 Qf5 17. a3 Bd6 18. Nd2 Bd5 19. Qg4 Qxg4 20. hxg4 Ne7
21. Bxd5 Nxd5 22. Nc4 Be7 23. Rce1 Bf6 24. Ne5 Bxe5 25. dxe5 Rxe5 26. Bd4 Ree8 27. f3 Rxe1 28. Rxe1 f6 29. Kf2 b6 30. b4 Kf7
31. b5 a6 32. bxa6 c5 33. Bb2 Rxa6 34. g3 b5 35. f4 b4 36. axb4 Ra2 37. Re2 cxb4 38. Kf3 b3 39. g5 hxg5 40. fxg5 fxg5
41. Rd2 Nb6
0-1

[Event "Petroff Defence Thematic"]
[Site "SchemingMind.com"]
[Date "2018.04.29"]
[Round "-"]
[White "Krolewna"]
[Black "Johnny Owens"]
[Result "0-1"]
[WhiteCountry "POL"]
[BlackCountry "USA"]
[WhiteElo "1890"]
[WhiteRD "63"]
[BlackElo "2252"]
[BlackRD "63"]
[GameID "427726"]

1. e4 e5 2. Nf3 Nf6 3. d3 Nc6 4. c4 Bc5 5. Be2 d6 6. O-O O-O 7. Nc3 Nd4 8. Nxd4 Bxd4 9. Be3 c6 10. Bxd4 exd4
11. Nb1 Re8 12. Na3 Qb6 13. Rb1 a5 14. Nc2 Bd7 15. Qd2 Qc5
0-1